|
|
|
|
| LEADER |
00000nab a22000005a 4500 |
| 001 |
AR-BbUGT10110 |
| 003 |
AR-BbUGT |
| 005 |
20210614143803.0 |
| 007 |
ta |
| 008 |
160805s2015||||ag |||p |||| 0|||||spa d |
| 040 |
|
|
|a AR-BbUGT
|c AR-BbUGT
|
| 100 |
1 |
0 |
|a Fittipaldi, Rosa Ángela.
|
| 245 |
1 |
3 |
|a La importancia de los ferrocarriles y las migraciones en las trayectorias territoriales de los pueblos del sur bonaerense. Estudio de caso :
|b Hilario Ascasubi y Juan N. Fernández, entre 1880 y la actualidad /
|c Rosa Ángela Fittipaldi y Silvia Mira.
|
| 651 |
|
4 |
|a Hilario Ascasubi (Argentina)
|9 924
|
| 653 |
|
|
|a Ferrocarriles
|
| 653 |
|
|
|a Juan N. Fernández (Argentina)
|
| 653 |
|
|
|a Migraciones
|
| 700 |
1 |
0 |
|a Mira, Silvia.
|
| 773 |
0 |
|
|o R7559.44
|g Vol. 14, no. 15 (2015), p. 71-90
|t Revista del Departamento de Geografía (Tucumán)
|x 0328-5359
|w AR-BbUGT7177
|
| 942 |
|
|
|2 ddc
|c ARTPP
|
| 999 |
|
|
|c 15644
|d 15644
|